| 000 | 00595nam a2200205 a 4500 | ||
|---|---|---|---|
| 005 | 20140310183459.0 | ||
| 008 | 100324s19uu xx 00 eng d | ||
| 020 | _a0574421173 | ||
| 050 |
_aLB 1576 _b.G574 1981 |
||
| 100 | _aGoba, Ronald J. | ||
| 245 |
_aLanguage skills 2 : _ban activity approach / _cRonald J. Goba, Allan A. Glatthorn. |
||
| 260 |
_aChicago : _bSRA, _c1981. |
||
| 300 |
_a188 p. : _c26 cm. |
||
| 521 | _aEDU | ||
| 650 |
_aEnglish language _xGrammar. |
||
| 650 |
_aLanguage skills _xGrammar. |
||
| 700 | _aGlatthorn, Allan A. | ||
| 942 |
_cBK _2lcc _kFOR |
||
| 999 |
_c23793 _d23793 |
||